Informačný systém pre klub Slovenskej baseballovej federácie
Na minha lista:
| Autor principal: | |
|---|---|
| Outros Autores: | |
| Formato: | Manuscrito Livro |
| Idioma: | eslovaco |
| Publicado em: |
2023
|
| Assuntos: | |
| Acesso em linha: | http://is.stuba.sk/zp/portal_zp.pl?podrobnosti=163510 |
| Tags: |
Sem tags, seja o primeiro a adicionar uma tag!
|
MARC
| LEADER | 00000ntm a22000003a 4500 | ||
|---|---|---|---|
| 001 | stuzp92648 | ||
| 003 | SK-STU | ||
| 005 | 20230909213513.1 | ||
| 007 | ta | ||
| 008 | 150427s2015----xo-----f-mn---000-0-slo-d | ||
| 040 | |a STU |b slo | ||
| 041 | 0 | |a slo | |
| 100 | 1 | |a Puškár, Michal |u 066000 |4 aut |U MTF Materiálovotechnologická fakulta |T MTF Ústav aplikovanej informatiky, automatizácie a mechatroniky |X 111595 |U M6000 |Y 86 |7 111595 | |
| 242 | 0 | 1 | |a Information system for The Slovak Baseball federation |y eng |
| 245 | 1 | 0 | |a Informačný systém pre klub Slovenskej baseballovej federácie |
| 260 | |c 2023 | ||
| 650 | 4 | |a databáza |2 slo | |
| 650 | 4 | |a MySQL Workbench |2 slo | |
| 650 | 4 | |a TypeScript |2 slo | |
| 650 | 4 | |a informačný systém |2 slo | |
| 650 | 4 | |a UML |2 slo | |
| 650 | 4 | |a Angular |2 slo | |
| 650 | 4 | |a UML |2 eng | |
| 650 | 4 | |a Angular |2 eng | |
| 650 | 4 | |a TypeScript |2 eng | |
| 650 | 4 | |a information system |2 eng | |
| 650 | 4 | |a database |2 eng | |
| 650 | 4 | |a MySQL Workbench |2 eng | |
| 700 | 1 | |a Halenár, Igor |u 066000 |k Z1 |4 ths |U MTF Materiálovotechnologická fakulta |T MTF Ústav aplikovanej informatiky, automatizácie a mechatroniky |X 2860 |U M6000 |Y 86 |7 A000002860 | |
| 856 | 4 | |u http://is.stuba.sk/zp/portal_zp.pl?podrobnosti=163510 | |
| 996 | |c M* BP-9665 |l MMSKP |s P |a 0 |w stuzp92648_0001 | ||